Giáo trình kinh tế thương mại

Kinh tế, tổ chức và quản lí thương mại trong nền kinh tế quốc dân: đối tượng, bản chất, lí thuyết thương mại, quá trình hình thành phát triển, hệ thống quản lí nhà nước, cơ chế chính sách, chiến lược và kế hoạch thương mại trong nền kinh tế quốc dân. Tổ chức và quản lí kinh doanh hàng hoá, dịch vụ...

Popoln opis

Shranjeno v:
Bibliografske podrobnosti
Glavni avtor: Đặng, Đình Đào
Korporativna značnica: Trường Đại học Kinh tế Quốc dân
Drugi avtorji: Đặng Đình Đào; Hoàng Đức Thân
Jezik:Undetermined
Izdano: Hà Nội Đại học Kinh tế Quốc dân 2008
Teme:
Oznake: Označite
Brez oznak, prvi označite!
Thư viện lưu trữ: Trung tâm Học liệu Trường Đại học Trà Vinh
LEADER 01197nam a2200265Ia 4500
001 TVU_577
008 210423s9999 xx 000 0 und d
041 |a Vie 
082 |a 381 
082 |b Đ108 
100 |a Đặng, Đình Đào 
245 0 |a Giáo trình kinh tế thương mại 
245 0 |c Đặng Đình Đào (chủ biên ), Hoàng Đức Thân 
260 |a Hà Nội 
260 |b Đại học Kinh tế Quốc dân 
260 |c 2008 
300 |a 462 tr. 
300 |b sơ đồ 
300 |c 21 cm 
504 |a Phụ chú: tr.458-463 
520 |a Kinh tế, tổ chức và quản lí thương mại trong nền kinh tế quốc dân: đối tượng, bản chất, lí thuyết thương mại, quá trình hình thành phát triển, hệ thống quản lí nhà nước, cơ chế chính sách, chiến lược và kế hoạch thương mại trong nền kinh tế quốc dân. Tổ chức và quản lí kinh doanh hàng hoá, dịch vụ 
650 |a Kinh doanh; Thương mại; Thương mại 
700 |a Đặng Đình Đào; Hoàng Đức Thân 
710 |a Trường Đại học Kinh tế Quốc dân 
980 |a Trung tâm Học liệu Trường Đại học Trà Vinh